Ena mukashibanashi shū : Gifu /

Saved in:
Bibliographic Details
Other Authors: Ōbashi, Waka, 1940-
Format: Book
Language:Japanese
Published: Tōkyō : Iwasaki Bijutsusha, 1977.
Series:Zenkoku mukashibanashi shiryō shūsei ; 25.
Subjects:
Tags: Add Tag
No Tags, Be the first to tag this record!
LEADER 01039cam a2200277 a 4500
001 007720008-X
005 20024617122053.0
008 960426s1977 ja 000 0 jpn d
010 |a 78812514 
035 0 |a ocm34717900 
040 |a *AA#*  |c *AA#*  |d *YNH*  |d CStRLIN 
245 0 0 |6 880-01  |a Ena mukashibanashi shū :  |b Gifu /  |c Ōbashi Waka hen. 
260 |6 880-02  |a Tōkyō :  |b Iwasaki Bijutsusha,  |c 1977. 
300 |a 357 p., [2] leaves of plates :  |b ill. ;  |c 20 cm. 
490 1 |6 880-03  |a Zenkoku mukashibanashi shiryō shūsei ;  |v 25 
504 |a Bibliography: p. 345-346. 
650 0 |a Tales, Japanese  |z Japan  |z Gifu-ken. 
700 1 |6 880-04  |a Ōbashi, Waka,  |d 1940- 
880 0 0 |6 245-01  |a 恵那昔話集 :  |b 岐阜 /  |c 大橋和華編. 
880 |6 260-02  |a 東京 :  |b 岩崎美術社,  |c 1977. 
880 1 |6 490-03  |a 全国昔話資料集成 ;  |v 25 
880 1 |6 700-04  |a 大橋和華,  |d 1940- 
830 0 |6 880-53  |a Zenkoku mukashibanashi shiryō shūsei ;  |v 25. 
880 0 |6 830-53  |a 全国昔話資料集成 ;  |v 25. 
988 |a 20021220 
906 |0 OCLC